000 00886nam a2200253Ia 4500
003 OSt
005 20220923225034.0
006 a|||||r|||| 00| 0
007 ta
008 220922b |||||||| |||| 00| 0 hin d
024 _a255,601
037 _cTextual
040 _aARTS
_cARTS
_bhin
041 _2hin
_ahin
082 _aP15,Cx1,1,2, 152M2
100 _aशर्मा, रमण कुमार, अनु.
_9159771
245 0 _aमहाभाष्म्
_b पस्पशाह्निकम््
246 _ahinābhāṣhm: paspashāhnikam
260 _aदिल्ली
_b ईस्टर्न बुक लिंकर्स
_c1982
300 _a80पृ.
_ccm.
650 _aहिन्दी भाषा
942 _hP15,Cx1,1,2, 152M2
_cTEXL
_2CC
999 _c375593
_d375593